[Event "GER-ch U25-B"]
[Site "Willingen"]
[Date "2023.05.29"]
[Round "3"]
[White "Reger, Christoph"]
[Black "Moldovan, Tudor"]
[Result "1-0"]
[WhiteElo "1129"]
[BlackElo "1380"]
[PlyCount "57"]
[EventDate "2023.05.27"]
[EventType "swiss"]
[EventRounds "9"]
[EventCountry "GER"]
[SourceTitle "CBM 214 Extra"]
[Source "ChessBase"]
[SourceDate "2023.07.31"]
[SourceVersion "1"]
[SourceVersionDate "2023.07.31"]
[SourceQuality "1"]

1. d4 Nf6 2. Bf4 g6 3. Nc3 Bg7 4. e4 d6 5. Qd2 Nfd7 6. 0-0-0 Nc6 7. Nge2 e5 8. Bh6 0-0 9. h4 Nf6 10. f3 exd4 11. Nd5 Nxd5 12. exd5 Ne7 13. Bxg7 Kxg7 14. Qxd4+ f6 15. g4 Bd7 16. Nf4 a5 17. Re1 Rb8 18. Bd3 b5 19. Ne6+ Bxe6 20. Rxe6 Ng8 21. g5 Re8 22. Rhe1 Qd7 23. gxf6+ Kf7 24. h5 Kf8 25. hxg6 Rxe6 26. g7+ Ke8 27. dxe6 Qc6 28. Qh4 Qxf3 29. f7+ 1-0

[Event "GER-ch Youth-C"]
[Site "Willingen"]
[Date "2022.06.10"]
[Round "8"]
[White "Lau, Lars"]
[Black "Reger, Christoph"]
[Result "1/2-1/2"]
[WhiteElo "929"]
[BlackElo "1056"]
[PlyCount "55"]
[EventDate "2022.06.04"]
[EventType "swiss"]
[EventRounds "9"]
[EventCountry "GER"]
[SourceTitle "CBM 208 Extra"]
[Source "ChessBase"]
[SourceDate "2022.07.31"]
[SourceVersion "1"]
[SourceVersionDate "2022.07.31"]
[SourceQuality "1"]

1. c4 Nf6 2. Nc3 e6 3. e3 d5 4. Nf3 Be7 5. Be2 0-0 6. b3 b6 7. Bb2 Bb7 8. a3 Nbd7 9. 0-0 c5 10. cxd5 Nxd5 11. Nxd5 exd5 12. d4 Nf6 13. Bd3 g6 14. Rc1 Rc8 15. Qe2 Qc7 16. Ba6 Rfd8 17. h3 Bxa6 18. Qxa6 Qc6 19. Ne5 Qc7 20. dxc5 bxc5 21. Nf3 Qb6 22. Qxb6 axb6 23. Rc2 Ne4 24. Rfc1 b5 25. Nd4 Nd6 26. Ne2 Nb7 27. Nd4 Nd6 28. Ne2 1/2-1/2

[Event "GER-ch Youth-C"]
[Site "Willingen"]
[Date "2022.06.05"]
[Round "2"]
[White "Reh, Krispin"]
[Black "Reger, Christoph"]
[Result "0-1"]
[WhiteElo "1006"]
[BlackElo "1056"]
[PlyCount "42"]
[EventDate "2022.06.04"]
[EventType "swiss"]
[EventRounds "9"]
[EventCountry "GER"]
[SourceTitle "CBM 208 Extra"]
[Source "ChessBase"]
[SourceDate "2022.07.31"]
[SourceVersion "1"]
[SourceVersionDate "2022.07.31"]
[SourceQuality "1"]

1. e4 d5 2. Nc3 d4 3. Nb5 c6 4. Na3 e5 5. Bc4 Nf6 6. d3 a5 7. b4 b5 8. Bxf7+ Kxf7 9. Nf3 Bxb4+ 10. Nd2 Qe7 11. Nab1 Rf8 12. a3 Bxd2+ 13. Bxd2 Kg8 14. 0-0 Ng4 15. h3 Nf6 16. c3 Ba6 17. Qf3 Nfd7 18. cxd4 Rxf3 19. gxf3 exd4 20. Kh1 Ne5 21. f4 Nxd3 0-1

[Event "GER-ch U25-C"]
[Site "Willingen"]
[Date "2019.06.11"]
[Round "4"]
[White "Reger, Christoph"]
[Black "Reyher, Bastian"]
[Result "1/2-1/2"]
[WhiteElo "1169"]
[BlackElo "1137"]
[PlyCount "60"]
[EventDate "2019.06.08"]
[EventType "swiss"]
[EventRounds "9"]
[EventCountry "GER"]
[SourceTitle "CBM 191 Extra"]
[Source "ChessBase"]
[SourceDate "2019.09.30"]
[SourceVersion "1"]
[SourceVersionDate "2019.09.30"]
[SourceQuality "1"]

1. e4 e5 2. Nf3 Nc6 3. Bc4 Bc5 4. d3 Nf6 5. Be3 Bb6 6. 0-0 d6 7. Nc3 Bg4 8. Bg5 h6 9. h3 Bh5 10. Bh4 Nd4 11. g4 Nxf3+ 12. Qxf3 g5 13. Nd5 Nxd5 14. Bxd5 c6 15. gxh5 cxd5 16. Bg3 d4 17. Kg2 Qd7 18. Qf6 Rh7 19. Qf5 Qxf5 20. exf5 f6 21. Rfe1 0-0-0 22. f3 Rg8 23. c4 Rc7 24. b4 Kb8 25. Rac1 Rgg7 26. a4 a5 27. b5 Bc5 28. Re2 Ba3 29. Rb1 b6 30. Ra2 Bc5 1/2-1/2

[Event "GER-chT U12"]
[Site "Magdeburg"]
[Date "2016.12.28"]
[Round "4.4"]
[White "Grunemann, Jonas"]
[Black "Reger, Christoph"]
[Result "1-0"]
[WhiteElo "1019"]
[BlackElo "920"]
[PlyCount "65"]
[EventDate "2016.12.27"]
[EventType "team-swiss"]
[EventRounds "7"]
[EventCountry "GER"]
[SourceTitle "EXT 2018"]
[Source "ChessBase"]
[SourceDate "2017.10.13"]
[SourceVersion "1"]
[SourceVersionDate "2017.10.13"]
[SourceQuality "1"]
[WhiteTeam "Graefenhainichen"]
[BlackTeam "Neumarkt"]
[WhiteTeamCountry "GER"]
[BlackTeamCountry "GER"]

1. e4 e5 2. Nf3 Nc6 3. Nc3 Bc5 4. Nxe5 Bxf2+ 5. Kxf2 Nxe5 6. Be2 d6 7. Rf1 Nf6 8. d4 Neg4+ 9. Kg1 0-0 10. h3 Nh6 11. Bg5 Bd7 12. e5 dxe5 13. dxe5 Nf5 14. Nd5 h6 15. Nxf6+ Kh8 16. Nxd7 Qxg5 17. Nxf8 Ne3 18. Rf2 Nxd1 19. Rxd1 Rxf8 20. Bd3 Rd8 21. Rdf1 Qxe5 22. Rxf7 Qe3+ 23. R7f2 Rf8 24. a3 Rxf2 25. Rxf2 Qb6 26. Kf1 g5 27. Rf8+ Kg7 28. Rf5 Kg6 29. Rb5+ Kh5 30. Rxb6 cxb6 31. Be2+ Kh4 32. Kg1 a5 33. Kh2 1-0